<?xml version="1.0" encoding="UTF-8"?><?xml-stylesheet type="text/xsl" href="static/style.xsl"?><OAI-PMH xmlns="http://www.openarchives.org/OAI/2.0/" xmlns:xsi="http://www.w3.org/2001/XMLSchema-instance" xsi:schemaLocation="http://www.openarchives.org/OAI/2.0/ http://www.openarchives.org/OAI/2.0/OAI-PMH.xsd"><responseDate>2026-04-13T05:00:56Z</responseDate><request verb="GetRecord" identifier="oai:www.recercat.cat:2117/442267" metadataPrefix="marc">https://recercat.cat/oai/request</request><GetRecord><record><header><identifier>oai:recercat.cat:2117/442267</identifier><datestamp>2025-09-24T15:35:54Z</datestamp><setSpec>com_2072_1033</setSpec><setSpec>col_2072_452951</setSpec></header><metadata><record xmlns="http://www.loc.gov/MARC21/slim" xmlns:dcterms="http://purl.org/dc/terms/" xmlns:xsi="http://www.w3.org/2001/XMLSchema-instance" xmlns:doc="http://www.lyncode.com/xoai" xsi:schemaLocation="http://www.loc.gov/MARC21/slim http://www.loc.gov/standards/marcxml/schema/MARC21slim.xsd">
   <leader>00925njm 22002777a 4500</leader>
   <datafield ind2=" " ind1=" " tag="042">
      <subfield code="a">dc</subfield>
   </datafield>
   <datafield ind2=" " ind1=" " tag="720">
      <subfield code="a">Miñarro Mena, Alejandro</subfield>
      <subfield code="e">author</subfield>
   </datafield>
   <datafield ind2=" " ind1=" " tag="260">
      <subfield code="c">2025-07-02</subfield>
   </datafield>
   <datafield ind2=" " ind1=" " tag="520">
      <subfield code="a">La recerca sobre els microbiomes oculars ha anat guanyant rellevància en els darrers anys gràcies a la seva implicació en la salut i les malalties de l’ull humà. Amb aquest treball, busco analitzar la relació entre els diferents microbiomes oculars i diverses patologies oftalmològiques. Per a això, he realitzar una revisió bibliogràfica sistemàtica d’estudis publicats en l’última dècada, consultant bases de dades científiques com PubMed o Google Scholar. He seleccionat els articles que presentaven evidència sòlida sobre la composició, funció i implicacions clíniques dels microbiomes de la superfície ocular i d’altres zones relacionades. Els resultats indiquen una connexió rellevant entre els desequilibris en el microbioma i malalties com el síndrome de l’ull sec, la conjuntivitis, la queratitis i algunes malalties sistèmiques amb manifestacions oculars.
Tot això ressalta la importància de l’equilibri microbià en el manteniment de la salut ocular i obre portes a futures teràpies basades en la modulació del microbioma.</subfield>
   </datafield>
   <datafield ind2=" " ind1=" " tag="520">
      <subfield code="a">La investigación sobre los microbiomas oculares ha ido ganando relevancia en los últimos años gracias a su implicación en la salud y enfermedades del ojo humano. Con este trabajo busco analizar la relación entre los diferentes microbiomas oculares y diversas patologías oftálmicas. Para ello, he realizado una revisión bibliográfica sistemática de estudios publicados en la última década, consultando bases de datos científicas como PubMed o Google Scholar. He seleccionado los artículos basándome en implicaciones clínicas de los microbiomas de la superficie ocular y de otras zonas relacionadas. Los resultados indican una conexión relevante entre los desequilibrios en el microbioma y las enfermedades oculares como el síndrome del ojo seco, la conjuntivitis, la queratitis y algunas enfermedades sistémicas con manifestaciones oculares.
Los resultados confirman la importancia del equilibrio microbiano en el mantenimiento de la salud ocular y abren puertas a futuras terapias basadas en la modulación del microbioma.</subfield>
   </datafield>
   <datafield ind2=" " ind1=" " tag="520">
      <subfield code="a">Research on ocular microbiomes has been gaining relevance in recent years due to its involvement in the health and diseases of the human eye. In this work, I aim to analyze the relationship between different ocular microbiomes and ophthalmic pathologies. To do so, I conducted a systematic literature review of studies published over the past decade, consulting scientific databases such as PubMed and Google Scholar. I selected articles that provided solid evidence of the composition, function, and clinical implications of the microbiomes of the ocular surface and other related areas. The results indicate a significant connection between imbalances in the microbiome and diseases such as dry eye syndrome, conjunctivits, keratitis, and certain systemic diseases with ocular manifestations.
All of this highlights the importance of microbial balance in maintaining ocular health and opens the door to future therapies based on microbiome modulation.</subfield>
   </datafield>
   <datafield ind1="8" ind2=" " tag="024">
      <subfield code="a">http://hdl.handle.net/2117/442267</subfield>
   </datafield>
   <datafield tag="653" ind2=" " ind1=" ">
      <subfield code="a">Àrees temàtiques de la UPC::Ciències de la visió::Biologia ocular</subfield>
   </datafield>
   <datafield tag="653" ind2=" " ind1=" ">
      <subfield code="a">Àrees temàtiques de la UPC::Ciències de la visió::Optometria</subfield>
   </datafield>
   <datafield tag="653" ind2=" " ind1=" ">
      <subfield code="a">Microbial diversity</subfield>
   </datafield>
   <datafield tag="653" ind2=" " ind1=" ">
      <subfield code="a">Eye--Diseases</subfield>
   </datafield>
   <datafield tag="653" ind2=" " ind1=" ">
      <subfield code="a">Diversitat microbiana</subfield>
   </datafield>
   <datafield tag="653" ind2=" " ind1=" ">
      <subfield code="a">Ulls--Malalties</subfield>
   </datafield>
   <datafield ind2="0" ind1="0" tag="245">
      <subfield code="a">¿Cómo el microbioma de nuestro cuerpo puede influir en el estado de salud de nuestros ojos?</subfield>
   </datafield>
</record></metadata></record></GetRecord></OAI-PMH>